Gaming Quiz

Random Gaming or Board Games Quiz
Score 0/174 Timer 07:00
7 Plays Today
% Correct
GO
95.3%
GO,
95.3%
GO
95.3%
GO,
95.3%
GO
95.3%
GO
95.3%
to
93.7%
to
93.7%
TO
93.7%
TO
93.7%
TO
93.7%
TO
93.7%
TO
93.7%
TO
93.7%
JAIL
93.6%
JAIL.
93.6%
DO
89.8%
DO
89.8%
PASS
89.6%
PASS
89.6%
PASS
89.6%
a
89.5%
A
89.5%
A
89.5%
(COLLECT
89.4%
COLLECT
89.4%
COLLECT
89.4%
COLLECT
89.4%
COLLECT
89.4%
NOT
88.6%
NOT
88.6%
$200
88.3%
$200
88.3%
$200
88.3%
$200)
88.3%
you
84.9%
you
84.9%
YOU
84.9%
YOU
84.9%
YOU
84.9%
YOU
84.9%
DIRECTLY
83%
the
81.1%
the
81.1%
the
81.1%
the
81.1%
THE
81.1%
THE
81.1%
THE
81.1%
OF
80.2%
OF
80.2%
OF
80.2%
OF
80.2%
FREE
77.1%
GET
76.6%
pay
75.9%
pay
75.9%
PAY
75.9%
% Correct
PAY
75.9%
PAY
75.9%
OUT
75.6%
If
74.3%
IF
74.3%
IF
74.3%
IF
74.3%
IF
74.3%
ON
65.7%
ON
65.7%
ON
65.7%
$50
65.1%
$50
65.1%
Railroad
64.6%
Railroad
64.6%
ST.
63.1%
BE
62.6%
$100
62.6%
TAKE
60.5%
TAKE
60.5%
Advance
60.2%
ADVANCE
60.2%
ADVANCE
60.2%
ADVANCE
60.2%
ADVANCE
60.2%
ADVANCE
60.2%
and
58.8%
and
58.8%
AND
58.8%
is
58.2%
is
58.2%
it
57.9%
it
57.9%
may
57.7%
may
57.7%
MAY
57.7%
nearest
57.4%
NEAREST
57.4%
FOR
56.9%
FOR
56.9%
BOARD.
56.8%
Bank.
56.8%
bank.
56.8%
BANK
56.8%
TAX
56%
PLAYER
54.6%
EACH
54.4%
EACH
54.4%
EACH
54.4%
HOUSE
53.1%
HOTEL
53%
buy
52.9%
buy
52.9%
CARD
52.1%
RIDE
51.7%
READING.
51.2%
owner
50.6%
owner
50.6%
% Correct
UTILITY.
50.5%
from
49.5%
from
49.5%
BOARDWALK
47.9%
BOARDWALK.
47.9%
$25
47.5%
WALK
47.2%
3
47%
THIS
46.5%
PLACE.
46.3%
HAVE
46.3%
OWNED,
45.8%
unowned,
43.9%
UNOWNED
43.9%
$15
43.8%
Twice
41.6%
BACK
41.6%
YOUR
40.7%
YOUR
40.7%
token
40.5%
TOKEN
40.5%
TOKEN
40.5%
SPACES.
39.3%
CHARLES
39.1%
amount
38.5%
PROPERTY.
38.2%
dice
37.5%
AVE.
35.7%
OR
33.5%
BEEN
32.3%
times
31.6%
CHAIRMAN
30.9%
ELECTED
30.5%
ten
27.7%
ILLINOIS
27.7%
$150
26.8%
PAYS
26.4%
ALL
25.4%
DIVIDEND
24%
he
24%
REPAIRS
22.4%
KEPT
22.2%
SOLD.
22%
throw
21.1%
UNTIL
18.5%
NEEDED
17.8%
POOR
17.2%
MATURES
14.3%
LOAN
14.2%
which
14%
entitled.
13.8%
BUILDING
12.7%
MAKE
12.3%
total
12.2%
thrown.
10.5%
Rental
9.6%
otherwise
9.6%
GENERAL
7.5%
Remove Ads.
Support Sporcle.
Get the best of Sporcle when you Go Orange. This ad-free experience offers more features, more stats, and more fun while also helping to support Sporcle. Thank you for becoming a member.

You're not logged in!

Compare scores with friends on all Sporcle quizzes.
OR
Log In

Show Comments

Extras

Top Quizzes Today


Score Distribution

Your Account Isn't Verified!

In order to create a playlist on Sporcle, you need to verify the email address you used during registration. Go to your Sporcle Settings to finish the process.

Report this User

Report this user for behavior that violates our Community Guidelines.

Details: